| 000 | 00499nam a22001697a 4500 | ||
|---|---|---|---|
| 005 | 20260324144731.0 | ||
| 008 | 260324b |||||||| |||| 00| 0 eng d | ||
| 020 | _a978-07020-8155-2 | ||
| 050 | _aRS 200. A95 2022 | ||
| 100 | _aKEVIN TAYLOR M.G | ||
| 245 |
_aAULTON'S PHARMACEUTICS _bTHE DESIGN AND MANAUFACTURE OF MEDICINE |
||
| 260 |
_aUNITED KINGDOM _bELSEVIER _c2022 |
||
| 300 | _aX,946 | ||
| 500 | _aINCLUDES AN INDEX | ||
| 650 | _aBiopharmaceticos-method -dosage forms | ||
| 942 |
_2lcc _cBK |
||
| 999 |
_c216867 _d216867 |
||